Normal view
MARC view
- HANSON, ERNESTI, JAMES C. HAMRE , PAUL H. WALGENBACH
Entry Personal Name
001 - CONTROL NUMBER
- control field: 6809
003 - CONTROL NUMBER IDENTIFIER
- control field: JO-AjAnu
005 - DATE AND TIME OF LATEST TRANSACTION
- control field: 20230606071413.0
008 - FIXED-LENGTH DATA ELEMENTS
- fixed length control field: 230606|| aca||aabn | a|a d
040 ## - CATALOGING SOURCE
- Original cataloging agency: JO-AjAnu
- Transcribing agency: JO-AjAnu
100 ## - HEADING--PERSONAL NAME
- Personal name: HANSON, ERNESTI, JAMES C. HAMRE , PAUL H. WALGENBACH
670 ## - SOURCE DATA FOUND
- Source citation: Work cat.: (JO-AjAnu)3529: HANSON, ERNESTI, JAMES C. HAMRE , PAUL H. WALGENBACH, author, PRINCIPLES OF ACCOUNTING